Humanism in France at the end of the Middle Ages and in the early Renaissance;

Guardat en:
Dades bibliogràfiques
Autor corporatiu: University of Warwick. School of French
Altres autors: Levi, Anthony (ed.)
Format: Llibre
Idioma:English
Publicat: Manchester, New York, Manchester University Press; Barnes & Noble, 1970.
Matèries:
LEADER 01596nam a2200385 a 4500
001 c000136181
003 CARM
005 20001114205000.0
008 710317s1970 enk b 101 0 eng
010 |a 76021723 //r962 
015 |a B71-02213 
019 1 |a 174898  |z 42718554  |z 26957977  |z 54036246  |z 55516606  |5 LACONCORD2021 
020 |a 0389039802 (Barnes & Noble) 
035 |a (OCoLC)126552  |5 LACONCORD2021 
040 |a LC  |b eng  |c LC  |d LC 
041 0 |a engfre 
043 |a e-fr--- 
050 0 0 |a PQ233  |b .H8 1970 
082 0 0 |a 840.9/38 
245 0 0 |a Humanism in France at the end of the Middle Ages and in the early Renaissance;  |c edited by A. H. T. Levi. 
260 |a Manchester,  |b Manchester University Press;  |a New York,  |b Barnes & Noble,  |c 1970. 
300 |a vii, 334 p.  |c 23 cm. 
500 |a English or French. 
500 |a Papers presented at a symposium held by the School of French of the University of Warwick at Warwick in April 1969. 
504 |a Includes bibliographical references. 
650 0 |a French literature  |y 16th century  |x History and criticism. 
650 0 |a French literature  |y To 1500  |x History and criticism. 
650 0 |a Civilization, Medieval, in literature. 
650 0 |a Renaissance  |z France. 
650 0 |a Humanists  |z France. 
700 1 |a Levi, Anthony,  |e ed. 
710 2 |a University of Warwick.  |b School of French. 
852 8 |b CARM  |h A2:AE18A0  |i B00882  |p 0052327  |f BK 
999 f f |i fee1ec89-d550-5f03-8a10-f8ded6543ed5  |s 83109640-fdd7-54d3-aa9f-378ff663904a 
952 f f |p Can circulate  |a CAVAL  |b CAVAL  |c CAVAL  |d CARM 1 Store  |e B00882  |f A2:AE18A0  |h Other scheme  |i book  |m 0052327